Geography Quiz

Random Geography or World Quiz

Top Cheese Consumers Quiz Stats

Quiz Updated Jul 13, 2016

Also try: Fruit Producers
Challenge
Share
Tweet
Embed
Score 0/20 Timer 03:00
4 Plays Today
Rank Country % Correct
15.United States
98.2%
2.France
96.8%
7.Italy
92.6%
4.Germany
92.4%
16.Canada
88.8%
20.United Kingdom
88.6%
5.Switzerland
81.7%
10.Sweden
79.3%
14.Norway
75.3%
1.Greece
71.3%
Rank Country % Correct
6.Netherlands
71.1%
8.Finland
70.7%
11.Austria
70%
17.Australia
69.1%
9.Turkey
53.8%
19.Hungary
46.3%
12.Czechia
46.2%
3.Iceland
42.3%
18.Argentina
38.8%
13.Israel
29.5%

You're not logged in!

Compare scores with friends on all Sporcle quizzes.
Sign Up with Email
OR
Log In

You Might Also Like...

Show Comments

Extras

Top Quizzes Today


Score Distribution

Your Account Isn't Verified!

In order to create a playlist on Sporcle, you need to verify the email address you used during registration. Go to your Sporcle Settings to finish the process.